Songs: No Vowels - Statistics

General Stats
  • This quiz has been taken 23 times
  • The average score is 18 of 20
Answer Stats
Hint Answer % Correct
BLL JN Billie Jean
100%
BLNDNG LGHTS Blinding Lights
100%
BHMN RHPSDY Bohemian Rhapsody
100%
DNCNG QN Dancing Queen
100%
PLS PLS PLS Please Please Please
100%
SNFLWR Sunflower
100%
THRLLR Thriller
100%
PTWN FNK Uptown Funk
100%
W WLL RCK We Will Rock You
100%
WHSTL Whistle
100%
HPP Happy
95%
SHK T FF Shake it Off
95%
STND B M Stand by Me
95%
SWT CRLN Sweet Caroline
95%
TK N M Take on Me
95%
TK M HM CNTR RDS Take me Home, Country Roads
90%
BLVR Believer
81%
F TH TGR Eye of the Tiger
71%
SHP F Shape of You
33%
M.C Y.M.C.A
5%
No matching quizzes found
Score Distribution
Percent of People with Each Score
Percentile by Number Answered
Your Score History
You have not taken this quiz